000 00394nam a2200169Ia 4500
005 20250423100935.0
008 250422s9999 xx 000 0 und d
020 _a978-0-205-10894-7
050 _aHV 40 .N48/
245 0 _aSocial work macro practice
260 _aNew Jersey
260 _bPearson Education
260 _c2012
300 _a414 p
650 _aSocial Work
942 _cBK
999 _c34808
_d34808